<?xml version="1.0" encoding="UTF-8"?><marc:collection xmlns:marc="http://www.loc.gov/MARC21/slim">
  <marc:record>
    <marc:leader>00000nam  2200000zi 4500</marc:leader>
    <marc:controlfield tag="001">9.892092</marc:controlfield>
    <marc:controlfield tag="003">CaOODSP</marc:controlfield>
    <marc:controlfield tag="005">20230501141951</marc:controlfield>
    <marc:controlfield tag="006">m     o  d f      </marc:controlfield>
    <marc:controlfield tag="007">cr cn|||||||||</marc:controlfield>
    <marc:controlfield tag="008">201005t20202020oncab   ob   f000 0 eng d</marc:controlfield>
    <marc:datafield tag="020" ind1=" " ind2=" ">
      <marc:subfield code="a">9780660361598</marc:subfield>
    </marc:datafield>
    <marc:datafield tag="040" ind1=" " ind2=" ">
      <marc:subfield code="a">CaOODSP</marc:subfield>
      <marc:subfield code="b">eng</marc:subfield>
      <marc:subfield code="e">rda</marc:subfield>
      <marc:subfield code="c">CaOODSP</marc:subfield>
    </marc:datafield>
    <marc:datafield tag="041" ind1="0" ind2=" ">
      <marc:subfield code="a">eng</marc:subfield>
      <marc:subfield code="b">eng</marc:subfield>
      <marc:subfield code="b">fre</marc:subfield>
    </marc:datafield>
    <marc:datafield tag="043" ind1=" " ind2=" ">
      <marc:subfield code="a">n-cn-nf</marc:subfield>
      <marc:subfield code="a">n-cn-qu</marc:subfield>
      <marc:subfield code="a">n-cnm--</marc:subfield>
      <marc:subfield code="a">ln-----</marc:subfield>
    </marc:datafield>
    <marc:datafield tag="086" ind1="1" ind2=" ">
      <marc:subfield code="a">Fs97-18/334E-PDF</marc:subfield>
    </marc:datafield>
    <marc:datafield tag="100" ind1="1" ind2=" ">
      <marc:subfield code="a">Lavoie, Diane, </marc:subfield>
      <marc:subfield code="e">author.</marc:subfield>
    </marc:datafield>
    <marc:datafield tag="245" ind1="1" ind2="0">
      <marc:subfield code="a">Projections of future physical and biochemical conditions in the Gulf of St. Lawrence, on the Scotian Shelf and in the Gulf of Maine using a regional climate model / </marc:subfield>
      <marc:subfield code="b">by Diane Lavoie, Nicolas Lambert, Shani Rousseau, Jacqueline Dumas, Joël Chassé, Zhenxia Long, William Perrie, Michel Starr, David Brickman, and Kumiko Azetsu-Scott.</marc:subfield>
    </marc:datafield>
    <marc:datafield tag="246" ind1="1" ind2="4">
      <marc:subfield code="a">Projections of future physical and biogeochemical conditions in the Gulf of St. Lawrence, on the Scotian Shelf and in the Gulf of Maine</marc:subfield>
    </marc:datafield>
    <marc:datafield tag="264" ind1=" " ind2="1">
      <marc:subfield code="a">[Ottawa] : </marc:subfield>
      <marc:subfield code="b">Fisheries and Oceans Canada = Pêches et océans Canada, </marc:subfield>
      <marc:subfield code="c">2020.</marc:subfield>
    </marc:datafield>
    <marc:datafield tag="264" ind1=" " ind2="4">
      <marc:subfield code="c">©2020</marc:subfield>
    </marc:datafield>
    <marc:datafield tag="300" ind1=" " ind2=" ">
      <marc:subfield code="a">1 online resource (xiii, 102 pages) : </marc:subfield>
      <marc:subfield code="b">colour illustrations, colour maps.</marc:subfield>
    </marc:datafield>
    <marc:datafield tag="336" ind1=" " ind2=" ">
      <marc:subfield code="a">text</marc:subfield>
      <marc:subfield code="b">txt</marc:subfield>
      <marc:subfield code="2">rdacontent</marc:subfield>
    </marc:datafield>
    <marc:datafield tag="337" ind1=" " ind2=" ">
      <marc:subfield code="a">computer</marc:subfield>
      <marc:subfield code="b">c</marc:subfield>
      <marc:subfield code="2">rdamedia</marc:subfield>
    </marc:datafield>
    <marc:datafield tag="338" ind1=" " ind2=" ">
      <marc:subfield code="a">online resource</marc:subfield>
      <marc:subfield code="b">cr</marc:subfield>
      <marc:subfield code="2">rdacarrier</marc:subfield>
    </marc:datafield>
    <marc:datafield tag="490" ind1="1" ind2=" ">
      <marc:subfield code="a">Canadian technical report of hydrography and ocean sciences, </marc:subfield>
      <marc:subfield code="x">1488-5417 ; </marc:subfield>
      <marc:subfield code="v">334</marc:subfield>
    </marc:datafield>
    <marc:datafield tag="504" ind1=" " ind2=" ">
      <marc:subfield code="a">Includes bibliographical references (pages 24-27).</marc:subfield>
    </marc:datafield>
    <marc:datafield tag="520" ind1="3" ind2=" ">
      <marc:subfield code="a">"A regional climate model is used to make projections of future physical and biogeochemical conditions in the Gulf of St. Lawrence (GSL), Scotian Shelf, and Gulf of Maine. The regional climate model is forced with downscaled atmosphere from three Earth System Models (CanESM2, MPI-ESM-LR, and HadGEM-ES) using the Representative Concentration Pathway 8.5. We use the Earth System Model outputs made available in 2013 through the Coupled Model Intercomparison Project Phase 5 (CMIP5) archive. The regional model was run from 1970 to 2100. Results are presented for sea ice, water temperature, salinity, stratification, nitrate, ammonium, diatoms, flagellates, mesozooplankton, microzooplankton, detrital particulate organic matter, dissolved organic matter, dissolved inorganic carbon, alkalinity, and calcium carbonate (aragonite and calcite) saturation states. We mapped the changes that occurred between the 2061-2080 period and the 1991-2010 period, provided linear trends of the different environmental variables for specific regions, computed model ensemble statistics, calculated the year when calcium carbonate saturation will reach some critical threshold over the model domain, and identified areas where multiple important changes will occur"--Abstract, page xi.</marc:subfield>
    </marc:datafield>
    <marc:datafield tag="546" ind1=" " ind2=" ">
      <marc:subfield code="a">Includes abstracts in English and French.</marc:subfield>
    </marc:datafield>
    <marc:datafield tag="650" ind1=" " ind2="0">
      <marc:subfield code="a">Oceanography</marc:subfield>
      <marc:subfield code="z">Saint Lawrence, Gulf of</marc:subfield>
      <marc:subfield code="x">Forecasting.</marc:subfield>
    </marc:datafield>
    <marc:datafield tag="650" ind1=" " ind2="0">
      <marc:subfield code="a">Oceanography</marc:subfield>
      <marc:subfield code="z">Scotian Shelf</marc:subfield>
      <marc:subfield code="x">Forecasting.</marc:subfield>
    </marc:datafield>
    <marc:datafield tag="650" ind1=" " ind2="0">
      <marc:subfield code="a">Oceanography</marc:subfield>
      <marc:subfield code="z">Maine, Gulf of</marc:subfield>
      <marc:subfield code="x">Forecasting.</marc:subfield>
    </marc:datafield>
    <marc:datafield tag="650" ind1=" " ind2="0">
      <marc:subfield code="a">Biogeochemistry</marc:subfield>
      <marc:subfield code="z">Saint Lawrence, Gulf of</marc:subfield>
      <marc:subfield code="x">Forecasting.</marc:subfield>
    </marc:datafield>
    <marc:datafield tag="650" ind1=" " ind2="0">
      <marc:subfield code="a">Biogeochemistry</marc:subfield>
      <marc:subfield code="z">Scotian Shelf</marc:subfield>
      <marc:subfield code="x">Forecasting.</marc:subfield>
    </marc:datafield>
    <marc:datafield tag="650" ind1=" " ind2="0">
      <marc:subfield code="a">Biogeochemistry</marc:subfield>
      <marc:subfield code="z">Maine, Gulf of</marc:subfield>
      <marc:subfield code="x">Forecasting.</marc:subfield>
    </marc:datafield>
    <marc:datafield tag="650" ind1=" " ind2="0">
      <marc:subfield code="a">Climatic changes</marc:subfield>
      <marc:subfield code="z">Saint Lawrence, Gulf of</marc:subfield>
      <marc:subfield code="x">Forecasting.</marc:subfield>
    </marc:datafield>
    <marc:datafield tag="650" ind1=" " ind2="0">
      <marc:subfield code="a">Climatic changes</marc:subfield>
      <marc:subfield code="z">Scotian Shelf</marc:subfield>
      <marc:subfield code="x">Forecasting.</marc:subfield>
    </marc:datafield>
    <marc:datafield tag="650" ind1=" " ind2="0">
      <marc:subfield code="a">Climatic changes</marc:subfield>
      <marc:subfield code="z">Maine, Gulf of</marc:subfield>
      <marc:subfield code="x">Forecasting.</marc:subfield>
    </marc:datafield>
    <marc:datafield tag="650" ind1=" " ind2="6">
      <marc:subfield code="a">Océanographie</marc:subfield>
      <marc:subfield code="z">Saint-Laurent, Golfe du</marc:subfield>
      <marc:subfield code="x">Prévision.</marc:subfield>
    </marc:datafield>
    <marc:datafield tag="650" ind1=" " ind2="6">
      <marc:subfield code="a">Océanographie</marc:subfield>
      <marc:subfield code="z">Néo-écossaise, Plateforme</marc:subfield>
      <marc:subfield code="x">Prévision.</marc:subfield>
    </marc:datafield>
    <marc:datafield tag="650" ind1=" " ind2="6">
      <marc:subfield code="a">Océanographie</marc:subfield>
      <marc:subfield code="z">Maine, Golfe du</marc:subfield>
      <marc:subfield code="x">Prévision.</marc:subfield>
    </marc:datafield>
    <marc:datafield tag="650" ind1=" " ind2="6">
      <marc:subfield code="a">Biogéochimie</marc:subfield>
      <marc:subfield code="z">Saint-Laurent, Golfe du</marc:subfield>
      <marc:subfield code="x">Prévision.</marc:subfield>
    </marc:datafield>
    <marc:datafield tag="650" ind1=" " ind2="6">
      <marc:subfield code="a">Biogéochimie</marc:subfield>
      <marc:subfield code="z">Néo-écossaise, Plateforme</marc:subfield>
      <marc:subfield code="x">Prévision.</marc:subfield>
    </marc:datafield>
    <marc:datafield tag="650" ind1=" " ind2="6">
      <marc:subfield code="a">Biogéochimie</marc:subfield>
      <marc:subfield code="z">Maine, Golfe du</marc:subfield>
      <marc:subfield code="x">Prévision.</marc:subfield>
    </marc:datafield>
    <marc:datafield tag="650" ind1=" " ind2="6">
      <marc:subfield code="a">Climat</marc:subfield>
      <marc:subfield code="x">Changements</marc:subfield>
      <marc:subfield code="z">Saint-Laurent, Golfe du</marc:subfield>
      <marc:subfield code="x">Prévision.</marc:subfield>
    </marc:datafield>
    <marc:datafield tag="650" ind1=" " ind2="6">
      <marc:subfield code="a">Climat</marc:subfield>
      <marc:subfield code="x">Changements</marc:subfield>
      <marc:subfield code="z">Néo-écossaise, Plateforme</marc:subfield>
      <marc:subfield code="x">Prévision.</marc:subfield>
    </marc:datafield>
    <marc:datafield tag="650" ind1=" " ind2="6">
      <marc:subfield code="a">Climat</marc:subfield>
      <marc:subfield code="x">Changements</marc:subfield>
      <marc:subfield code="z">Maine, Golfe du</marc:subfield>
      <marc:subfield code="x">Prévision.</marc:subfield>
    </marc:datafield>
    <marc:datafield tag="710" ind1="1" ind2=" ">
      <marc:subfield code="a">Canada. </marc:subfield>
      <marc:subfield code="b">Department of Fisheries and Oceans, </marc:subfield>
      <marc:subfield code="e">issuing body.</marc:subfield>
    </marc:datafield>
    <marc:datafield tag="710" ind1="2" ind2=" ">
      <marc:subfield code="a">Maurice Lamontagne Institute, </marc:subfield>
      <marc:subfield code="e">issuing body.</marc:subfield>
    </marc:datafield>
    <marc:datafield tag="830" ind1="#" ind2="0">
      <marc:subfield code="a">Canadian technical report of hydrography and ocean sciences ;</marc:subfield>
      <marc:subfield code="v">334.</marc:subfield>
      <marc:subfield code="w">(CaOODSP)9.504781</marc:subfield>
    </marc:datafield>
    <marc:datafield tag="856" ind1="4" ind2="0">
      <marc:subfield code="q">PDF</marc:subfield>
      <marc:subfield code="s">25.21 MB</marc:subfield>
      <marc:subfield code="u">https://publications.gc.ca/collections/collection_2020/mpo-dfo/Fs97-18-334-eng.pdf</marc:subfield>
    </marc:datafield>
  </marc:record>
</marc:collection>
